000 01047nam a2200265Ia 4500
003 OSt
005 20220923211432.0
006 a|||||r|||| 00| 0
007 ta
008 220922b |||||||| |||| 00| 0 hin d
020 _a9789350001240 (hbk)
_c350
024 _a241,967
037 _b514, 08/03/2010, Vani Prakashan
_cTextual
040 _aARTS
_cARTS
_bhin
041 _2hin
_ahin
082 _aQ2:33.G, 152M8;P9
100 _aबांदिवडेकर, चंद्रकांत, संपा.
_9157031
245 0 _aसंत ज्ञानेश्वर
_b जीवन और कार्य
246 _aSanta jnyāneshvara: jīvan aur kārya
250 _aद्वितीय संस्करण
260 _aनयी दिल्ली
_b वाणी प्रकाशन
_c2009
300 _a288पृ.
_ccm.
942 _hQ2:33.G, 152M8;P9
_cTEXL
_2CC
999 _c299462
_d299462